1329 1007 1960 1136 1078 1841 1240 1532 1816 1641 1858 1862 1227 1613 1984 1846 1477 1381 1833 1257 1229 1517 1038 1423 1225 1997 1073 1384 1937 1102 1543 1234 1801 1456 1132 1545 1812 1832 1110 1704 1318 1419 1558 1693 1799 1415 1742 1362 1263 1176 1532 1757 1782 1194 1843 1228 1598 1552 1449 1650 1038 1590 1714 1324 1770 1373 1220 1646 1718 1895 1738 1721 1770 1492 1518 1467 1207 1337 1009 1899 1161 1081 1402 1385 1567 1680 1403 1642 1674 1391 1275 1748 1916 1404 1747 1704 1576 1290 1512 BCNSPRNW ULIB Ver.6.0+V

เปลี่ยนเป็นภาษาไทย

Change to English
 แสดงรายละเอียดบรรณานุกรม
  กลับหน้าหลัก

Brief Record : Get Marc (ISO 2709) : E-mail record : QR code < ปิดหน้าต่าง
LEADER : 00000nam 2200000uu 4500
001    13399128684
003     ULIB
008    020711s2565 th a 000 0 tha d
020    ^a9786168012185
060    ^aWY154 ^bศ499ก
100    ^aศิริอร สินธุ
245    ^aการพยาบาลผู้ป่วยวิกฤต หลังผ่าตัด
250    ^aพิมพ์ครั้งที่ 1
260    ^aนนทบุรี :^bสภาการพยาบาล,^c2565
300    ^a411 หน้า;^b19 ซม.
650    ^aผู้ป่วย^xการพยาบาล
650    ^aผู้ป่วยวิกฤต^xผ่าตัด
945    ^p350^l0^i010340
999    ^aประนอม เกษจรัล
รายการนี้ยังไม่มีแท็ก
คุณยังไม่ได้ล็อกอิน คุณสามารถมีกิจกรรมร่วมกับเว็บไซต์ได้ แต่ต้องล็อกอินก่อน ::
  ล็อกอิน

รายการสื่อสารสนเทศ

ลำดับที่ ประเภท เลขเรียก/บาร์โค้ด สถานที่ สถานะ
1. Book การพยาบาล
หนังสือสำรอง
สถานะ=หนังสือสำรอง
WY154 ศ499ก ฉ.1 
  Barcode: 010340
ห้องสมุดวิทยาเขตสวรรค์ประชารักษ์
►หนังสือทั่วไป
บนชั้น

รายการใกล้เคียง
    ผู้แต่ง [ศิริอร สินธุ]

    หัวเรื่อง [ผู้ป่วย การพยาบาล]

BibComment


ยังไม่เคยถูกคอมเมนท์

คอมเมนท์ทรัพยากรรายการนี้
  คอมเมนท์: การพยาบาลผู้ป่วย..


 Copyright 2026. Bcnsprnw @Library